000 00558nam a2200229Ia 4500
003 OSt
005 20221005114044.0
006 a|||||r|||| 00| 0
007 ta
008 221004b |||||||| |||| 00| 0 tel d
024 _a51569
037 _cTextual
040 _aCRL
_cCRL
_btel
041 _2tel
_atel
082 _aQ2:5, 35G9
100 _aDhany Subbava Au.
_9625386
245 0 _aAmrita sandesahar
260 _c1939
650 _aRELIGION
942 _hQ2:5, 35G9
_cTEXL
_2cc
999 _c1030112
_d1030112